000 00563nam a2200205Ia 4500
005 20260429112127.0
008 260429s9999||||xx |||||||||||||| ||und||
020 _a9789370441996
041 _aEnglish
082 _a342.085
_bCHA
100 _aChakraborty, Nishant
245 0 _aHuman rights violations of minorities /
_cNishant Chakraborty
250 _a1st ed.
260 _aNew Delhi :
_bAsia Publishers and Distributors,
_c2026.
300 _aix, 268 p.; hb
650 _a Minority
650 _a Violations
650 _aHuman rights
942 _cTB
999 _c52486
_d52486